| 000 | 00718nam a22002177a 4500 | ||
|---|---|---|---|
| 999 |
_c20331 _d20331 |
||
| 003 | AR-CdUCM | ||
| 008 | 190509b ||||| |||| 00| 0 spa d | ||
| 040 |
_aMUNICIPALIDAD PROVINCIAL DEL CUSCO _cBIBLIOTECA MUNICIPAL DEL CUSCO |
||
| 082 |
_a461.4 / _bA42 |
||
| 100 |
_aAlonso, Martín _924370 |
||
| 245 |
_aDiccionario compendiado del idioma español : _b75.000 Voces usuales y modernas / |
||
| 260 |
_aMadrid : _bAguilar, _c1960. |
||
| 300 |
_a1104 paginas ; _c18 cm. |
||
| 505 | _aContenido : Diccionario -- Léxico manejable -- Tecnicismos | ||
| 650 |
_aDiccionario _95196 |
||
| 650 |
_aEspañol _97869 |
||
| 650 |
_aTecnicismo _942509 |
||
| 650 |
_aAbreviaturas _913388 |
||
| 942 |
_2ddc _cLIBROS |
||
| 945 | _arcc | ||